[Event "Milan Cappello Memorial"]
[Site "Milan"]
[Date "2015.06.04"]
[Round "6"]
[White "Spada, Maurizio"]
[Black "Frignani, Alessandro"]
[Result "1-0"]
[WhiteElo "1599"]
[BlackElo "1407"]
[PlyCount "85"]
[EventDate "2015.05.12"]
[EventType "swiss"]
[EventRounds "8"]
[EventCountry "ITA"]
[SourceTitle "EXT 2017"]
[Source "ChessBase"]
[SourceDate "2016.10.25"]
[SourceVersion "1"]
[SourceVersionDate "2016.10.25"]
[SourceQuality "1"]

1. e4 e5 2. Nf3 Qf6 3. Nc3 c6 4. Bc4 h6 5. d4 d6 6. dxe5 dxe5 7. Be3 Bg4 8. h3 Be6 9. Bb3 Nd7 10. Qd2 Bb4 11. 0-0-0 0-0-0 12. Qe2 Bxb3 13. axb3 Kb8 14. g4 Ne7 15. g5 Qe6 16. h4 Bc5 17. Nd2 b5 18. f4 hxg5 19. f5 Qd6 20. Nf3 Bxe3+ 21. Qxe3 Qc7 22. Qxg5 f6 23. Qxg7 Nc8 24. Qg1 Nd6 25. Qe1 Nc5 26. h5 b4 27. Na2 a5 28. Nd2 Rdg8 29. Qe3 Ndb7 30. Rh4 Qd7 31. h6 Rg5 32. Nc4 Qe7 33. Nd6 Kc7 34. Nxb7 Kxb7 35. Kb1 Na6 36. Rh2 Rgg8 37. Rhd2 Rd8 38. Rxd8 Rxd8 39. Rxd8 Qxd8 40. Qg1 Nc7 41. Qg7 Kb6 42. h7 Ne8 43. Qg1+ 1-0

[Event "Milan Cappello Memorial"]
[Site "Milan"]
[Date "2015.05.28"]
[Round "5"]
[White "Brisotto, Stefano"]
[Black "Frignani, Alessandro"]
[Result "1-0"]
[WhiteElo "1463"]
[BlackElo "1407"]
[PlyCount "49"]
[EventDate "2015.05.12"]
[EventType "swiss"]
[EventRounds "8"]
[EventCountry "ITA"]
[SourceTitle "EXT 2017"]
[Source "ChessBase"]
[SourceDate "2016.10.25"]
[SourceVersion "1"]
[SourceVersionDate "2016.10.25"]
[SourceQuality "1"]

1. e4 e5 2. Nf3 Qf6 3. Nc3 c6 4. d4 exd4 5. Bg5 Qd6 6. Nxd4 f6 7. Be3 Qb4 8. a3 Qxb2 9. Na4 Bb4+ 10. axb4 Qxb4+ 11. c3 Qe7 12. Bd3 b5 13. Nf5 Qf8 14. Bc5 d6 15. Nxd6+ Kd7 16. Nb6+ axb6 17. Rxa8 bxc5 18. Nxc8 Kxc8 19. 0-0 Qd6 20. Qf3 Nh6 21. Rfa1 Kd7 22. R1a7+ Ke6 23. Qh3+ Ke5 24. f4+ Kxf4 25. Qg3# 1-0

[Event "Milan Cappello Memorial"]
[Site "Milan"]
[Date "2015.05.26"]
[Round "4"]
[White "Frignani, Alessandro"]
[Black "Gori, Andrea"]
[Result "0-1"]
[WhiteElo "1407"]
[BlackElo "2079"]
[PlyCount "44"]
[EventDate "2015.05.12"]
[EventType "swiss"]
[EventRounds "8"]
[EventCountry "ITA"]
[SourceTitle "EXT 2017"]
[Source "ChessBase"]
[SourceDate "2016.10.25"]
[SourceVersion "1"]
[SourceVersionDate "2016.10.25"]
[SourceQuality "1"]

1. e4 e5 2. Bc4 Nc6 3. Nf3 Bc5 4. d3 Nf6 5. h3 d6 6. Ng5 0-0 7. c3 a5 8. Qb3 Qe7 9. a4 Nd8 10. Qc2 c6 11. Qe2 Ne6 12. Na3 Nf4 13. Bxf4 exf4 14. Nf3 Re8 15. Bb3 Nd7 16. 0-0-0 Bxa3 17. bxa3 d5 18. Kb2 dxe4 19. Rhe1 Nc5 20. d4 Nxb3 21. Kxb3 Be6+ 22. c4 exf3 0-1

[Event "Milan Cappello Memorial"]
[Site "Milan"]
[Date "2015.05.12"]
[Round "1"]
[White "Papale, Carmelo"]
[Black "Frignani, Alessandro"]
[Result "1-0"]
[WhiteElo "1794"]
[BlackElo "1407"]
[PlyCount "59"]
[EventDate "2015.05.12"]
[EventType "swiss"]
[EventRounds "8"]
[EventCountry "ITA"]
[SourceTitle "EXT 2017"]
[Source "ChessBase"]
[SourceDate "2016.10.25"]
[SourceVersion "1"]
[SourceVersionDate "2016.10.25"]
[SourceQuality "1"]

1. e4 e5 2. Nf3 Qf6 3. Nc3 c6 4. d4 exd4 5. Bg5 Qd6 6. Nxd4 f6 7. Be3 Qb4 8. Qd2 Qxb2 9. Rb1 Qa3 10. Bc4 Bb4 11. Rb3 Qa5 12. 0-0 Bxc3 13. Rxc3 b5 14. Bb3 Ba6 15. Nf5 Ne7 16. Nxg7+ Kd8 17. Rd1 Kc8 18. Bf4 Rd8 19. Qd6 Ng6 20. Bg3 Ne5 21. Rc5 Qc7 22. Qxf6 d6 23. Be6+ Nbd7 24. Bxe5 dxe5 25. Qe7 Rb8 26. Rd6 Rb6 27. Ne8 Qb7 28. Nf6 Qc7 29. Nxd7 Rxd7 30. Rxd7 1-0

[Event "Robecchetto Primavera op 12th"]
[Site "Robecchetto"]
[Date "2015.04.02"]
[Round "1"]
[White "Ragoso, Mario"]
[Black "Frignani, Alessandro"]
[Result "0-1"]
[WhiteElo "1628"]
[BlackElo "1394"]
[PlyCount "102"]
[EventDate "2015.04.02"]
[EventType "swiss"]
[EventRounds "7"]
[EventCountry "ITA"]
[SourceTitle "EXT 2017"]
[Source "ChessBase"]
[SourceDate "2016.10.25"]
[SourceVersion "1"]
[SourceVersionDate "2016.10.25"]
[SourceQuality "1"]

1. e4 e5 2. Nf3 Qf6 3. Bc4 d6 4. h3 h6 5. Nc3 c6 6. d3 Be7 7. Be3 Nd7 8. Qd2 Nb6 9. Bb3 Bd8 10. 0-0-0 Be6 11. d4 Bxb3 12. dxe5 Nc4 13. exf6 Nxd2 14. fxg7 Rh7 15. axb3 Nxf3 16. gxf3 Be7 17. Rhg1 f6 18. Bf4 Rd8 19. Rg6 Kf7 20. Rdg1 Rd7 21. h4 h5 22. b4 Bd8 23. b5 Bb6 24. bxc6 bxc6 25. Be3 Ba5 26. Ne2 a6 27. Nd4 Rc7 28. Nf5 Ke6 29. Nh6 Rc8 30. Nxg8 Rxg8 31. Bd4 Bd8 32. f4 c5 33. Bc3 Kf7 34. e5 Rhxg7 35. Rxg7+ Rxg7 36. Rxg7+ Kxg7 37. e6 Kg6 38. Kd2 f5 39. Kd3 Bxh4 40. Ke3 Bf6 41. Bxf6 Kxf6 42. Kf3 h4 43. Kg2 Kxe6 44. Kh3 Kd5 45. Kxh4 Ke4 46. Kg5 d5 47. f3+ Kxf3 48. Kxf5 d4 49. Ke5 Ke3 50. f5 c4 51. Kd5 d3 0-1

[Event "Milan SSM op"]
[Site "Milan"]
[Date "2015.02.03"]
[Round "7"]
[White "Marchesotti, Giovanni"]
[Black "Frignani, Alessandro"]
[Result "1-0"]
[WhiteElo "1479"]
[BlackElo "1378"]
[PlyCount "55"]
[EventDate "2015.01.13"]
[EventType "swiss"]
[EventRounds "8"]
[EventCountry "ITA"]
[SourceTitle "EXT 2017"]
[Source "ChessBase"]
[SourceDate "2016.10.25"]
[SourceVersion "1"]
[SourceVersionDate "2016.10.25"]
[SourceQuality "1"]

1. c4 c5 2. Nc3 Nc6 3. Nf3 e6 4. e4 e5 5. d3 h6 6. Be2 a6 7. a3 d6 8. Rb1 Be6 9. b4 cxb4 10. axb4 Na7 11. Bd2 Nf6 12. d4 exd4 13. Nxd4 Qc8 14. Nd5 Nxd5 15. cxd5 Bd7 16. 0-0 g6 17. Rc1 Qd8 18. Be3 Bg7 19. Qd2 b5 20. Nc6 Nxc6 21. dxc6 Bc8 22. Rfd1 Ke7 23. c7 Qd7 24. Bf4 Be5 25. Bxe5 dxe5 26. Qc3 Qe6 27. Qc5+ Kf6 28. Rd6 1-0

[Event "Milan SSM op"]
[Site "Milan"]
[Date "2015.01.20"]
[Round "3"]
[White "Frignani, Alessandro"]
[Black "Colica, Daniele"]
[Result "0-1"]
[WhiteElo "1378"]
[BlackElo "1705"]
[PlyCount "24"]
[EventDate "2015.01.13"]
[EventType "swiss"]
[EventRounds "8"]
[EventCountry "ITA"]
[SourceTitle "EXT 2017"]
[Source "ChessBase"]
[SourceDate "2016.10.25"]
[SourceVersion "1"]
[SourceVersionDate "2016.10.25"]
[SourceQuality "1"]

1. e4 b6 2. d4 Bb7 3. Nd2 c5 4. d5 Nf6 5. b3 e6 6. c4 d6 7. Bb2 g6 8. Qf3 Bg7 9. Bxf6 Bxf6 10. Rb1 Nd7 11. Qg3 Qe7 12. f4 Bh4 0-1

[Event "Milan SSM op"]
[Site "Milan"]
[Date "2015.01.15"]
[Round "2"]
[White "Ciciotti, Augusto Walter"]
[Black "Frignani, Alessandro"]
[Result "1-0"]
[WhiteElo "1882"]
[BlackElo "1378"]
[PlyCount "109"]
[EventDate "2015.01.13"]
[EventType "swiss"]
[EventRounds "8"]
[EventCountry "ITA"]
[SourceTitle "EXT 2017"]
[Source "ChessBase"]
[SourceDate "2016.10.25"]
[SourceVersion "1"]
[SourceVersionDate "2016.10.25"]
[SourceQuality "1"]

1. d4 d5 2. Nf3 Bf5 3. c4 c6 4. Nc3 Nf6 5. cxd5 Nxd5 6. Qb3 Nxc3 7. bxc3 Qc7 8. g3 Nd7 9. Bf4 Qb6 10. Bg2 Qxb3 11. axb3 f6 12. 0-0 g5 13. Bd2 a6 14. Rfe1 Bg7 15. e4 Bg6 16. c4 g4 17. Nh4 e5 18. Bc3 0-0 19. Rad1 Rad8 20. h3 gxh3 21. Bxh3 exd4 22. Ba5 b6 23. Bxd7 Rxd7 24. Nxg6 hxg6 25. Bxb6 f5 26. e5 d3 27. Bc5 Re8 28. Bd6 Bf8 29. c5 Bxd6 30. cxd6 Kf7 31. Rxd3 Re6 32. f4 Re8 33. Rc1 Rc8 34. Rdc3 Rb8 35. Kg2 Ke6 36. R1c2 a5 37. Ra2 Ra7 38. Kf3 Kd7 39. Rh2 Ra6 40. Rh6 Rab6 41. Rxg6 Rxb3 42. Rg7+ Ke6 43. Re7+ Kd5 44. Rxb3 Rxb3+ 45. Kg2 Rb8 46. Ra7 Ke6 47. Rxa5 Rc8 48. Rc5 Kd7 49. Kf3 Rh8 50. Ra5 Rd8 51. Ke3 Rg8 52. Kd4 Rxg3 53. Ra7+ Kd8 54. e6 Rg6 55. Ra8# 1-0

[Event "Milan SSM op"]
[Site "Milan"]
[Date "2015.01.13"]
[Round "1"]
[White "Frignani, Alessandro"]
[Black "Casamassima, Paolo"]
[Result "1-0"]
[WhiteElo "1378"]
[BlackElo "1709"]
[PlyCount "79"]
[EventDate "2015.01.13"]
[EventType "swiss"]
[EventRounds "8"]
[EventCountry "ITA"]
[SourceTitle "EXT 2017"]
[Source "ChessBase"]
[SourceDate "2016.10.25"]
[SourceVersion "1"]
[SourceVersionDate "2016.10.25"]
[SourceQuality "1"]

1. e4 c5 2. f4 d6 3. Nf3 a6 4. h3 Nc6 5. d3 g6 6. c3 Bg7 7. Be3 e6 8. Nbd2 Nge7 9. Qa4 0-0 10. g3 b5 11. Qc2 Bb7 12. Bg2 Qc7 13. h4 h5 14. Bh3 f5 15. Ng5 Nd8 16. Rg1 d5 17. e5 Rc8 18. d4 cxd4 19. Bxd4 Ndc6 20. Ndf3 Qd7 21. Qd3 Kh8 22. Kf2 Ng8 23. Rgc1 Nh6 24. b4 Rfe8 25. Bc5 Ba8 26. a4 Na7 27. Nd4 Nc6 28. axb5 Nxd4 29. Bxd4 axb5 30. Ra5 Rc4 31. Bf1 Ng4+ 32. Kg1 Qc7 33. Qd2 Rxd4 34. cxd4 Qb6 35. Rxb5 Qa7 36. Ra5 Qd7 37. Bb5 Qd8 38. Bxe8 Qxe8 39. Qc3 Bf8 40. Qc8 1-0

[Event "Milan Molinari Memorial-B 8th"]
[Site "Milan"]
[Date "2014.11.01"]
[Round "4"]
[White "Frignani, Alessandro"]
[Black "Cagnotto, Marco"]
[Result "0-1"]
[WhiteElo "1469"]
[BlackElo "1529"]
[PlyCount "82"]
[EventDate "2014.10.29"]
[EventType "swiss"]
[EventRounds "6"]
[EventCountry "ITA"]
[SourceTitle "EXT 2024"]
[Source "ChessBase"]
[SourceDate "2023.10.10"]
[SourceVersion "1"]
[SourceVersionDate "2023.10.10"]
[SourceQuality "1"]

1. e4 c5 2. f4 Nc6 3. Nf3 g6 4. g3 Bg7 5. Bg2 d6 6. h3 Nf6 7. d3 0-0 8. Nc3 a6 9. Bd2 b5 10. Qe2 Nd7 11. Rb1 e6 12. h4 Nd4 13. Nxd4 cxd4 14. Nd1 Re8 15. e5 Rb8 16. Bc6 Qc7 17. Bxd7 Bxd7 18. exd6 Qxd6 19. 0-0 Bc6 20. Nf2 e5 21. Qg4 Qd5 22. Qh3 f5 23. b3 e4 24. dxe4 fxe4 25. Bb4 Rbc8 26. Rbd1 Bd7 27. Qg2 Rxc2 28. Rd2 Rxd2 29. Bxd2 Bc6 30. Bb4 e3 31. Qxd5+ Bxd5 32. Nd3 Bf8 33. Re1 Bxb4 34. Nxb4 Be4 35. Nxa6 Bc2 36. Kf1 d3 37. Nb4 d2 38. Nxc2 e2+ 39. Rxe2 d1Q+ 40. Re1 Rxe1+ 41. Nxe1 Qa1 0-1

[Event "Robecchetto Autunn op 11th"]
[Site "Robecchetto"]
[Date "2014.10.30"]
[Round "4"]
[White "Frignani, Alessandro"]
[Black "Rutigliano, Cesare"]
[Result "0-1"]
[WhiteElo "1469"]
[BlackElo "1644"]
[PlyCount "80"]
[EventDate "2014.10.09"]
[EventType "swiss"]
[EventRounds "7"]
[EventCountry "ITA"]
[SourceTitle "EXT 2016"]
[Source "ChessBase"]
[SourceDate "2015.10.08"]
[SourceVersion "1"]
[SourceVersionDate "2015.10.08"]
[SourceQuality "1"]

1. e4 e6 2. d4 d5 3. e5 c5 4. c3 Nc6 5. Nf3 Bd7 6. Be3 cxd4 7. Bxd4 Nge7 8. Bd3 Ng6 9. Bxg6 hxg6 10. h3 Na5 11. b3 Bb5 12. a4 Bd7 13. Qd2 Nxb3 14. Qa2 Nxa1 15. Qxa1 Qa5 16. Nbd2 Qxa4 17. Qb1 Qa6 18. Ng5 Be7 19. Ndf3 Rh5 20. h4 Qb5 21. Qc2 a5 22. Kd2 a4 23. g3 a3 24. Rb1 Qa6 25. Ra1 Rc8 26. Nh3 b5 27. Qb3 Rc4 28. Nhg1 Qa4 29. Kc2 b4 30. Nd2 Rc8 31. Ne2 Qa6 32. Nf4 Ba4 33. Nxh5 Bxb3+ 34. Kxb3 gxh5 35. Nb1 Qc4+ 36. Kc2 b3+ 37. Kd2 b2 38. Rxa3 Bxa3 39. Nxa3 Qa2 40. Kc2 b1Q# 0-1

[Event "Milan SSM op 09"]
[Site "Milan"]
[Date "2014.10.10"]
[Round "8"]
[White "Casamassima, Paolo"]
[Black "Frignani, Alessandro"]
[Result "1-0"]
[WhiteElo "1687"]
[BlackElo "1467"]
[PlyCount "53"]
[EventDate "2014.09.16"]
[EventType "swiss"]
[EventRounds "8"]
[EventCountry "ITA"]
[SourceTitle "EXT 2016"]
[Source "ChessBase"]
[SourceDate "2015.10.08"]
[SourceVersion "1"]
[SourceVersionDate "2015.10.08"]
[SourceQuality "1"]

1. d4 d5 2. c4 e6 3. Nf3 c6 4. e3 Nf6 5. Bd3 Qa5+ 6. Bd2 Qb6 7. b3 Nbd7 8. 0-0 Ne4 9. Be1 Ndf6 10. Nbd2 Be7 11. Qc2 Bd7 12. Ne5 Bd6 13. Nxd7 Kxd7 14. c5 Bxc5 15. dxc5 Nxc5 16. Be2 Rag8 17. Rd1 Ke7 18. Nf3 g5 19. Ne5 a5 20. Bc3 Nce4 21. Bb2 h5 22. Qd3 g4 23. f3 Nd6 24. fxg4 Rg5 25. h4 Rgg8 26. Rxf6 hxg4 27. Rdf1 1-0

[Event "Robecchetto Autunn op 11th"]
[Site "Robecchetto"]
[Date "2014.10.09"]
[Round "1"]
[White "Pappalardo, Antonio"]
[Black "Frignani, Alessandro"]
[Result "1-0"]
[WhiteElo "1724"]
[BlackElo "1469"]
[PlyCount "95"]
[EventDate "2014.10.09"]
[EventType "swiss"]
[EventRounds "7"]
[EventCountry "ITA"]
[SourceTitle "EXT 2016"]
[Source "ChessBase"]
[SourceDate "2015.10.08"]
[SourceVersion "1"]
[SourceVersionDate "2015.10.08"]
[SourceQuality "1"]

1. d4 d5 2. c4 e6 3. cxd5 Qxd5 4. Nc3 Qa5 5. Nf3 Nd7 6. Bf4 Bd6 7. Bd2 Qb6 8. Qc1 c5 9. e3 Ngf6 10. g3 Qc6 11. Bg2 Qa6 12. a4 Nd5 13. Nb5 Nc7 14. Nxd6+ Qxd6 15. 0-0 0-0 16. Rd1 Rb8 17. Bc3 b6 18. Qd2 Bb7 19. Qe1 Nf6 20. dxc5 Qxc5 21. Bb4 Qf5 22. Nd4 Qg6 23. Bxf8 Bxg2 24. Bd6 Qe4 25. Bxc7 Rc8 26. f3 Bxf3 27. Nxf3 Qxf3 28. Rd8+ Rxd8 29. Bxd8 h6 30. Bxf6 Qxf6 31. Qf2 Qe7 32. a5 b5 33. Qd2 Kh7 34. Rd1 Qc5 35. b4 Qe5 36. Qd4 Qc7 37. Qd3+ f5 38. g4 Kg6 39. gxf5+ Kf6 40. Qd4+ Kxf5 41. Rf1+ Kg6 42. Qe4+ Kh5 43. Qxe6 Qc3 44. Qf5+ g5 45. Qc5 Qd3 46. Qd4 Qe2 47. Qd1 Qxd1 48. Rxd1 1-0

[Event "Milan SSM op 09"]
[Site "Milan"]
[Date "2014.09.26"]
[Round "4"]
[White "Frignani, Alessandro"]
[Black "Bracco, Valter"]
[Result "1/2-1/2"]
[WhiteElo "1467"]
[BlackElo "1464"]
[PlyCount "40"]
[EventDate "2014.09.16"]
[EventType "swiss"]
[EventRounds "8"]
[EventCountry "ITA"]
[SourceTitle "EXT 2016"]
[Source "ChessBase"]
[SourceDate "2015.10.08"]
[SourceVersion "1"]
[SourceVersionDate "2015.10.08"]
[SourceQuality "1"]

1. e4 c5 2. f4 e5 3. d3 Nc6 4. Nf3 d6 5. h3 Be7 6. g3 Bf6 7. Nc3 Nge7 8. Bg2 Bd7 9. Qe2 g6 10. Bd2 Bg7 11. a3 a6 12. g4 exf4 13. Bxf4 Be6 14. Be3 0-0 15. Qd2 b6 16. g5 d5 17. exd5 Nxd5 18. Nxd5 Bxd5 19. Qf2 Qd7 20. c4 Be6 1/2-1/2

[Event "Lesa op-B 3rd"]
[Site "Lesa"]
[Date "2014.09.20"]
[Round "2"]
[White "Modaffari, Giuseppe"]
[Black "Frignani, Alessandro"]
[Result "0-1"]
[WhiteElo "1600"]
[BlackElo "1467"]
[PlyCount "94"]
[EventDate "2014.09.19"]
[EventType "swiss"]
[EventRounds "5"]
[EventCountry "ITA"]
[SourceTitle "EXT 2016"]
[Source "ChessBase"]
[SourceDate "2015.10.08"]
[SourceVersion "1"]
[SourceVersionDate "2015.10.08"]
[SourceQuality "1"]

1. e4 e5 2. Nf3 Qf6 3. Nc3 c6 4. Be2 Bc5 5. 0-0 h6 6. d4 Bxd4 7. Nxd4 exd4 8. Na4 b5 9. Nc5 Qe5 10. Nd3 Qxe4 11. Re1 Ne7 12. Bh5 Qd5 13. Ne5 g6 14. Bf3 Qd6 15. Qe2 0-0 16. Bxh6 Re8 17. Qd3 Nf5 18. Ng4 Re6 19. Rad1 Qe7 20. Qd2 d5 21. Bg5 Qd6 22. c3 dxc3 23. Qxc3 d4 24. Qd2 Na6 25. Be4 Nc5 26. Bxf5 Rxe1+ 27. Rxe1 Bxf5 28. Nh6+ Kg7 29. Nxf5+ gxf5 30. Bf4 Qd7 31. Bh6+ Kh7 32. Qg5 Rg8 33. Qh4 Rg4 34. Qh5 Kg8 35. h3 Rg6 36. Re5 Ne6 37. Bd2 Ng7 38. Qe2 Re6 39. Bf4 d3 40. Qd2 f6 41. Rxe6 Nxe6 42. Be3 Qd6 43. Bxa7 c5 44. b4 c4 45. Qh6 d2 46. Qg6+ Ng7 47. g3 d1Q+ 0-1

[Event "Milan SSM op-B 08"]
[Site "Milan"]
[Date "2014.07.30"]
[Round "2"]
[White "Confalonieri, Luca"]
[Black "Frignani, Alessandro"]
[Result "0-1"]
[WhiteElo "1630"]
[BlackElo "1470"]
[PlyCount "100"]
[EventDate "2014.07.29"]
[EventType "swiss"]
[EventRounds "7"]
[EventCountry "ITA"]
[SourceTitle "EXT 2022"]
[Source "ChessBase"]
[SourceDate "2021.10.06"]
[SourceVersion "1"]
[SourceVersionDate "2021.10.06"]
[SourceQuality "1"]

1. e4 e5 2. Nf3 Qf6 3. Nc3 c6 4. Bc4 Bc5 5. 0-0 Ne7 6. d3 h6 7. Be3 Bb6 8. d4 exd4 9. Bxd4 Bxd4 10. Nxd4 0-0 11. Qd3 d6 12. Rae1 Qg6 13. Nce2 Nd7 14. Nf5 Nxf5 15. exf5 Qf6 16. Nd4 Ne5 17. Qc3 Nxc4 18. Qxc4 d5 19. Qd3 Bd7 20. b3 Rfd8 21. Re2 c5 22. Nb5 Bxf5 23. Qf3 Be4 24. Qxf6 gxf6 25. f3 Bf5 26. Rd1 d4 27. Red2 Rd7 28. g4 Be6 29. c3 a6 30. Na3 Rad8 31. cxd4 Rxd4 32. Rxd4 Rxd4 33. Rxd4 cxd4 34. Kf2 f5 35. h3 fxg4 36. hxg4 f5 37. Nc2 fxg4 38. Nxd4 Bd7 39. fxg4 Bxg4 40. Kg3 h5 41. Kh4 Kf7 42. Kg5 Ke7 43. Nc2 Kd6 44. b4 Kd5 45. a3 Kc4 46. Ne1 Kb3 47. Nd3 Kxa3 48. Nc5 Kxb4 49. Nxb7 a5 50. Nxa5 Kxa5 0-1

[Event "Milan SSM op 07"]
[Site "Milan"]
[Date "2014.07.06"]
[Round "4"]
[White "Bisignano, Giuseppe"]
[Black "Frignani, Alessandro"]
[Result "1-0"]
[WhiteElo "1872"]
[BlackElo "1470"]
[PlyCount "39"]
[EventDate "2014.07.03"]
[EventType "swiss"]
[EventRounds "5"]
[EventCountry "ITA"]
[SourceTitle "EXT 2016"]
[Source "ChessBase"]
[SourceDate "2015.10.08"]
[SourceVersion "1"]
[SourceVersionDate "2015.10.08"]
[SourceQuality "1"]

1. e4 e5 2. Bc4 Bc5 3. Nc3 c6 4. Nge2 Qf6 5. 0-0 d6 6. a3 Qg6 7. d4 Bh3 8. Ng3 exd4 9. Na4 Be6 10. Bxe6 Qxe6 11. b4 Bb6 12. Nxb6 axb6 13. Qxd4 Qe5 14. Bb2 Qxd4 15. Bxd4 Nf6 16. e5 dxe5 17. Bxe5 Nbd7 18. Bd6 0-0-0 19. Nf5 g6 20. Ne7# 1-0

[Event "Milan SSM op 07"]
[Site "Milan"]
[Date "2014.07.04"]
[Round "2"]
[White "Bracco, Valter"]
[Black "Frignani, Alessandro"]
[Result "0-1"]
[WhiteElo "1470"]
[BlackElo "1470"]
[PlyCount "66"]
[EventDate "2014.07.03"]
[EventType "swiss"]
[EventRounds "5"]
[EventCountry "ITA"]
[SourceTitle "EXT 2016"]
[Source "ChessBase"]
[SourceDate "2015.10.08"]
[SourceVersion "1"]
[SourceVersionDate "2015.10.08"]
[SourceQuality "1"]

1. e4 e5 2. Nf3 Qf6 3. Nc3 c6 4. d4 exd4 5. Bg5 Qd6 6. Qxd4 f6 7. Bh4 Nh6 8. Bg3 Qxd4 9. Nxd4 d6 10. Bc4 Na6 11. Bxa6 bxa6 12. Nxc6 Bb7 13. Nd4 Be7 14. Ne6 Kf7 15. Nf4 g5 16. Nfd5 Rac8 17. Rc1 Rc6 18. 0-0 Rhc8 19. h3 Ke6 20. f4 gxf4 21. Bxf4 Nf7 22. Be3 Ra8 23. Bd4 Ne5 24. Rf2 Rc4 25. Bxe5 dxe5 26. Rcf1 Bxd5 27. Nxd5 Rf8 28. Nc3 Bc5 29. Kh1 Bxf2 30. Rxf2 Rb8 31. Rf3 Rxb2 32. Nd5 Rcxc2 33. Nxf6 Rf2 0-1